000
00347nam a2200145Ia 4500
008
150301s2015 xx 000 0 und d
082
_a
612.015
_b
P13V
100
_a
VASUDEVAN, DM.
245
_a
PRACTICAL TB BIOCHEMISTRY FOR MEDICAL STUDENTS
250
_a
2ND
260
_b
JAYPEE
300
_a
149
650
_a
PHARMACEUTICS
942
_2
ddc
_c
BK
999
_c
7391
_d
7391